| 000 | 00631nam a2200193 i 4500 | ||
|---|---|---|---|
| 001 | 77862 | ||
| 003 | ES-MaACL | ||
| 005 | 20250723094627.0 | ||
| 007 | t| | ||
| 008 | 041112s1921 sp ||||1| spa d | ||
| 080 | _a54(076.1) | ||
| 100 | 1 |
_aSan Román y Rouyer, Alberto de. _9102304 |
|
| 245 | 1 | 3 |
_aLa asociación de las ideas en la química teórica / _cpor Alberto de San Román y Rouyer ; ilustrado con grabados y láminas en colores. |
| 260 |
_aMadrid : _bBailly-Baillière, _c1921. |
||
| 300 |
_a53 p. ; _c18 cm. |
||
| 650 | 0 | 7 |
_aQuímica _2embne _916625 |
| 852 |
_aES-MaACL _jE-10339 _bR.133677 |
||
| 999 |
_c77862 _d77862 |
||